Directors of the FBI Quiz - Statistics

General Stats
  • This quiz has been taken 46 times
  • The average score is 3 of 7
Answer Stats
Term Answer % Correct
1935-1972 J. Edgar Hoover
94%
2013-2017 James Comey
56%
2001-2013 Robert Mueller
39%
1987-1993 William S. Sessions
22%
1993-2001 Louis Freeh
19%
1978-1987 William H. Webster
19%
1973-1978 Clarence M. Kelley
14%
No matching quizzes found
Score Distribution
Percent of People with Each Score
Percentile by Number Answered
Your Score History
You have not taken this quiz